[Event "Kimry Rating op 68th"]
[Site "Kimry"]
[Date "2014.01.06"]
[Round "8"]
[White "Bragin, Karl"]
[Black "Golubev, Valerii"]
[Result "0-1"]
[WhiteElo "1680"]
[BlackElo "1577"]
[PlyCount "90"]
[EventDate "2014.01.02"]
[EventType "swiss"]
[EventRounds "9"]
[EventCountry "RUS"]
[SourceTitle "CBM 158 Extra"]
[Source "ChessBase"]
[SourceDate "2014.02.28"]
[SourceVersion "1"]
[SourceVersionDate "2014.02.28"]
[SourceQuality "1"]

1. e4 c5 2. Nf3 d6 3. d4 cxd4 4. Nxd4 g6 5. Bc4 Bg7 6. 0-0 Qb6 7. c3 Nf6 8. Re1 Nc6 9. Qb3 Qxb3 10. Bxb3 0-0 11. Nxc6 bxc6 12. e5 Ng4 13. exd6 exd6 14. h3 Ne5 15. Bc2 Ba6 16. Na3 Rfe8 17. Bd2 Rab8 18. b3 d5 19. Be3 Rb7 20. Bd4 Rbe7 21. f3 Nxf3+ 22. gxf3 Bxd4+ 23. cxd4 Rxe1+ 24. Rxe1 Rxe1+ 25. Kf2 Re2+ 26. Kg3 Rd2 27. Kf4 Rxd4+ 28. Ke5 Rh4 29. Kd6 d4 30. Nc4 Bxc4 31. bxc4 Rxh3 32. Kxc6 Rxf3 33. c5 d3 34. Bb1 d2 35. Bc2 Rf1 36. Kb7 d1Q 37. Bxd1 Rxd1 38. c6 Rc1 39. c7 h5 40. c8Q+ Rxc8 41. Kxc8 h4 42. a4 a5 43. Kc7 h3 44. Kb6 h2 45. Kxa5 h1Q 0-1

[Event "Kimry Rating op 68th"]
[Site "Kimry"]
[Date "2014.01.02"]
[Round "1"]
[White "Pavlova, Kseniia"]
[Black "Golubev, Valerii"]
[Result "1-0"]
[WhiteElo "2017"]
[BlackElo "1577"]
[PlyCount "75"]
[EventDate "2014.01.02"]
[EventType "swiss"]
[EventRounds "9"]
[EventCountry "RUS"]
[SourceTitle "CBM 158 Extra"]
[Source "ChessBase"]
[SourceDate "2014.02.28"]
[SourceVersion "1"]
[SourceVersionDate "2014.02.28"]
[SourceQuality "1"]

1. e4 e6 2. d3 d5 3. Nd2 Ne7 4. g3 Ng6 5. Bg2 Bd6 6. exd5 exd5 7. Bxd5 0-0 8. Ne2 Bh3 9. Bxb7 Re8 10. Bxa8 c6 11. Nc4 Bc7 12. Be3 Qd5 13. Rg1 Nd7 14. Qd2 Nde5 15. 0-0-0 Nf3 16. Qc3 Ba5 17. Qxa5 Qxa5 18. Nxa5 Nxg1 19. Nxg1 Bg4 20. Bxc6 Re5 21. Nc4 Re6 22. Bd5 Ra6 23. f3 Be6 24. Bxe6 Rxe6 25. Bxa7 Ra6 26. Bc5 Rc6 27. b4 f6 28. a4 Re6 29. b5 Ne7 30. Bxe7 Rxe7 31. b6 Kf8 32. a5 Ke8 33. a6 Kd7 34. a7 Re8 35. b7 Ke7 36. a8Q Rxa8 37. bxa8Q Kd7 38. Re1 1-0